000 00478nam a22001817a 4500
003 koha_MIRAKIL
005 20231213095844.0
008 231213b |||||||| |||| 00| 0 ||| d
020 _b978-6-05-534024-7
040 _aTR-IsEVY
_btur
_cTR-IsEVY
082 _a510 HER/M
100 _aHerscovici, Armand.
245 0 _aMatematik masalları
_bsalyangozun sarmalı.
260 _bKırmızı Kedi Yayınevi,
_c2012
300 _a318
650 _aMatematik.
942 _2ddc
_cBK
999 _c10576
_d10576